Wouna - Tsew The Kid - Statistiques

Statistiques générales
  • Ce quiz a été pris 70 fois
  • Le résultat moyen est 368 sur 476
Statistiques - réponses
% Correct
à
100%
a
100%
À
100%
aime
100%
drogue
100%
la
100%
le
100%
m'a
100%
qui
100%
rend
100%
sexe
100%
INTRO | OUTRO Wouna
100%
Wouna,
100%
du
98%
gens,
98%
les
98%
Les
98%
mal
98%
pas
98%
Pas
98%
stone
98%
avec
95%
lui
95%
On
95%
de
93%
fait
93%
ces
91%
Ces
91%
c'est
91%
cœur
91%
ils
91%
ont
91%
son
91%
dans
88%
COUPLET 2 Dans
88%
tribunal
88%
un
88%
alien
86%
Coupable
86%
est
86%
je
86%
PRE-REFRAIN | REFRAIN Je
86%
que
86%
sentiments,
86%
comme
84%
d'un
84%
Elle
84%
elle
84%
et
84%
seule
84%
COUPLET 1 Une
84%
balle
81%
Moi
81%
noir
81%
peau
81%
qu'elle
81%
ses
81%
te
81%
disent
79%
faux
79%
malien
79%
sourire
79%
vois
79%
Au
74%
Beaucoup
74%
Des
74%
des
74%
en
74%
fois
74%
Mais
74%
sais
74%
semblant
72%
si
72%
sourires
72%
Tant
72%
tristes
72%
âme
70%
mise
70%
mon
70%
terre
70%
veux
70%
vie
70%
Y
70%
aliénée
67%
amère
67%
yeux
67%
larmes
65%
nuits
65%
quand
65%
salauds
65%
T'es
65%
tes
65%
t'es
65%
vivre
65%
amen
63%
barillet
63%
bon,
63%
cage
63%
crie
63%
ferme
63%
l'aide
63%
loin
63%
oiseau
63%
pour
63%
prie,
63%
royal,
63%
tout
63%
vide
63%
voir
63%
aigle
60%
bord
60%
d'une
60%
encore
60%
L'accompagnent
60%
page
60%
plage
60%
sur
60%
tellement
60%
tourner
60%
toutes
60%
cris
58%
d'âmes
58%
d'amour
58%
d'ici
58%
histoires
58%
lire
58%
nuage
58%
peut
58%
prête
58%
toi
58%
Tous
58%
tous
58%
travers
58%
ailes
56%
douleur
56%
hantises
56%
J'ai
56%
œuvre
56%
rage
56%
tatouages
56%
t'emmènerai
56%
bats
53%
détresse
53%
dire
53%
résonnent
53%
ton
53%
appels
51%
Envole
51%
heure
51%
rouages
51%
Baby
49%
j'sens
47%
pleurent
47%
J'pourrais
42%
eh
40%
s'taisent
30%
Aucun quiz correspondant
Distribution des résultats
% des personnes avec chaque résultat
Percentile par nombre de réponses
Votre historique - résultats
Vous n’avez pas pris ce quiz